Marfiles de San Millan de la Cogolla y esculturas de Santo Domingo de Silos :
MARC
| LEADER | 00000nam a2200000 a 4500 | ||
|---|---|---|---|
| 001 | 24833 | ||
| 003 | AGDB | ||
| 005 | 20260324181536.0 | ||
| 008 | 070127s1925 sp a||||||||| 000 | spa | ||
| 035 | |a (ES-BaCBU).b56045815 | ||
| 035 | |a b16272882 | ||
| 040 | |a ES-BaBC |b cat |c ES-BaBC | ||
| 080 | |a 73 | ||
| 080 | |a 745 | ||
| 100 | |a Huici Lazcano, Serapio, |d 1868-1953 |9 72527 | ||
| 245 | 1 | 0 | |a Marfiles de San Millan de la Cogolla y esculturas de Santo Domingo de Silos : |c conferencia pronunciada por D. Serapio Huici en la Residencia de Estudiantes |
| 260 | |a [Madrid] : |b Talleres Calpe, |c 1925 | ||
| 300 | |a 40 pàg. : |b il. ; |c 31 cm | ||
| 500 | |a Prové del fons Joan Junyer i Pascual (1909-1994) | ||
| 610 | 0 | |a San Millán de la Cogolla (Monestir : Rioja) |2 lemac |9 72528 | |
| 610 | 0 | |a Santo Domingo de Silos (Monestir : Santo Domingo de Silos, Burgos) |2 lemac |9 72529 | |
| 650 | |a Fons Joan Junyer i Pascual (1909-1994) |9 72777 | ||
| 650 | 0 | |a Voris romànics |z Espanya |9 72530 | |
| 907 | |a .b56045815 |b 25-06-21 |c 24-07-13 |d 24-07-13 |e m |f a |g - |h spa |i sp |j 0 |k 0 | ||
| 908 | |a BC |a BMON |a FILMO |a MFM |a AHCB |a UAB | ||
| 942 | |2 udc |c ARXIU |n 1 | ||
| 952 | |0 0 |1 0 |4 0 |6 F50490 |7 1 |9 98491 |a Arxiu |b Arxiu |d 2025-10-17 |l 0 |o F-504-90 |p 24833 |r 2025-10-17 10:28:06 |w 2025-10-17 |y ARXIU | ||
| 999 | |c 130244 |d 130244 | ||